[Event "Maastricht Limburg op 12th"]
[Site "Maastricht"]
[Date "2018.05.20"]
[Round "4"]
[White "Esser, Norbert"]
[Black "Beerdsen, Thomas"]
[Result "1/2-1/2"]
[WhiteElo "2130"]
[BlackElo "2441"]
[PlyCount "83"]
[EventDate "2018.05.18"]
[EventType "swiss"]
[EventRounds "7"]
[EventCountry "NED"]
[SourceTitle "CBM 184 Extra"]
[Source "ChessBase"]
[SourceDate "2018.06.28"]
[SourceVersion "1"]
[SourceVersionDate "2018.06.28"]
[SourceQuality "1"]

1. e4 c5 2. Nf3 e6 3. Nc3 a6 4. g3 Nc6 5. d4 cxd4 6. Nxd4 h5 7. h3 Qc7 8. Bg2 b5 9. 0-0 Bb7 10. Re1 Nxd4 11. Qxd4 0-0-0 12. Bf4 Qc6 13. Qa7 d6 14. Rad1 Ne7 15. Qd4 Rd7 16. Bc1 Qc5 17. Qd3 Ng6 18. Be3 Ne5 19. Qe2 Qc4 20. Qd2 Qc7 21. b3 Be7 22. a4 b4 23. Na2 d5 24. exd5 Bxd5 25. Bxd5 Rxd5 26. Qe2 Qb7 27. Rxd5 exd5 28. Bd4 Ng6 29. c3 bxc3 30. Nxc3 Kb8 31. b4 h4 32. b5 a5 33. g4 Rc8 34. Rd1 Bd6 35. Nxd5 f6 36. Qe6 Bc7 37. b6 Be5 38. Bxe5+ Nxe5 39. Qd6+ Ka8 40. Nc7+ Kb8 41. Rd5 Nc4 42. Na6+ 1/2-1/2

[Event "Goch op 27th"]
[Site "Goch"]
[Date "2016.09.02"]
[Round "3"]
[White "Esser, Norbert"]
[Black "Metz, Hartmut"]
[Result "1/2-1/2"]
[WhiteElo "2120"]
[BlackElo "2296"]
[PlyCount "43"]
[EventDate "2016.09.01"]
[EventType "swiss"]
[EventRounds "7"]
[EventCountry "GER"]
[SourceTitle "EXT 2018"]
[Source "ChessBase"]
[SourceDate "2017.10.13"]
[SourceVersion "1"]
[SourceVersionDate "2017.10.13"]
[SourceQuality "1"]

1. e4 c6 2. d4 d5 3. Nc3 dxe4 4. Nxe4 Nf6 5. Nxf6+ gxf6 6. Nf3 Bg4 7. Be2 e6 8. c3 Qc7 9. Nh4 Bxe2 10. Qxe2 Nd7 11. g3 0-0-0 12. Bf4 Bd6 13. Bxd6 Qxd6 14. 0-0-0 h5 15. Rhe1 f5 16. Nf3 Nf6 17. Ng5 Qe7 18. h4 Rd5 19. Rd3 Ra5 20. Kb1 Qd7 21. c4 Rd8 22. Red1 1/2-1/2

[Event "GER CupT V5"]
[Site "Juechen Priesterath"]
[Date "2015.01.11"]
[Round "2.3"]
[White "Klundt, Klaus"]
[Black "Esser, Norbert"]
[Result "1/2-1/2"]
[WhiteElo "2320"]
[BlackElo "2165"]
[PlyCount "79"]
[EventDate "2015.01.10"]
[EventType "team-k.o."]
[EventRounds "2"]
[EventCountry "GER"]
[SourceTitle "EXT 2019"]
[Source "ChessBase"]
[SourceDate "2018.10.10"]
[SourceVersion "1"]
[SourceVersionDate "2018.10.10"]
[SourceQuality "1"]
[WhiteTeam "Heusenstamm"]
[BlackTeam "Hochneukirch"]
[WhiteTeamCountry "GER"]
[BlackTeamCountry "GER"]

1. e4 e5 2. Nf3 Nc6 3. Bb5 Nf6 4. d3 d6 5. c3 Be7 6. Nbd2 0-0 7. 0-0 Re8 8. Re1 Bf8 9. Nf1 h6 10. Ng3 Bd7 11. Ba4 a6 12. h3 g6 13. Bb3 Be6 14. Bxe6 Rxe6 15. c4 Bg7 16. Be3 Kh7 17. b4 Nxb4 18. Rb1 c5 19. a3 Nc6 20. Rxb7 Re7 21. Rxe7 Qxe7 22. Qa4 Qc7 23. Rb1 Rb8 24. Rxb8 Nxb8 25. Ne2 Qb7 26. Qc2 Nc6 27. Nc3 Nd7 28. Nd5 Nf8 29. Nd2 Ne6 30. Qb3 Qxb3 31. Nxb3 h5 32. Kf1 Kg8 33. Ke2 Kf8 34. h4 f5 35. g3 Kf7 36. Kd1 Bf6 37. Nxf6 Kxf6 38. f4 Ke7 39. Ke2 Ned4+ 40. Nxd4 1/2-1/2

[Event "Maastricht Limburg op-A 8th"]
[Site "Maastricht"]
[Date "2014.06.08"]
[Round "4"]
[White "Van de Perre, Tom"]
[Black "Esser, Norbert"]
[Result "1/2-1/2"]
[WhiteElo "2121"]
[BlackElo "2175"]
[PlyCount "76"]
[EventDate "2014.06.06"]
[EventType "swiss"]
[EventRounds "7"]
[EventCountry "NED"]
[SourceTitle "CBM 160 Extra"]
[Source "ChessBase"]
[SourceDate "2014.07.01"]
[SourceVersion "1"]
[SourceVersionDate "2014.07.01"]
[SourceQuality "1"]

1. e4 c5 2. Nf3 Nc6 3. Bb5 d6 4. d4 cxd4 5. Qxd4 Bd7 6. Bxc6 Bxc6 7. Nc3 Nf6 8. Bg5 e6 9. 0-0-0 Be7 10. Qd3 Qa5 11. h4 0-0 12. Nd4 Rac8 13. f4 Rfe8 14. Kb1 d5 15. e5 Nd7 16. Bxe7 Rxe7 17. Qg3 f6 18. h5 fxe5 19. fxe5 Qc7 20. Rhe1 b5 21. Rd2 b4 22. Nd1 Nc5 23. Nf2 a5 24. Ng4 Ne4 25. Rxe4 dxe4 26. h6 Rf8 27. Rd1 Bd5 28. Qh4 Kh8 29. hxg7+ Rxg7 30. Qh6 Qc5 31. Ne3 Rg6 32. Qh4 a4 33. Qh5 a3 34. Nxd5 Qxd5 35. Rh1 Rg7 36. Nb3 e3 37. Nc1 Qxg2 38. Rh2 Qg3 1/2-1/2

[Event "Maastricht Limburg op-A 8th"]
[Site "Maastricht"]
[Date "2014.06.06"]
[Round "1"]
[White "Esser, Norbert"]
[Black "Coenen, Michael"]
[Result "1/2-1/2"]
[WhiteElo "2175"]
[BlackElo "2318"]
[PlyCount "26"]
[EventDate "2014.06.06"]
[EventType "swiss"]
[EventRounds "7"]
[EventCountry "NED"]
[SourceTitle "CBM 160 Extra"]
[Source "ChessBase"]
[SourceDate "2014.07.01"]
[SourceVersion "1"]
[SourceVersionDate "2014.07.01"]
[SourceQuality "1"]

1. e4 c6 2. d4 d5 3. Nd2 dxe4 4. Nxe4 Bf5 5. Ng3 Bg6 6. Nf3 Nd7 7. h4 h6 8. h5 Bh7 9. Bd3 Bxd3 10. Qxd3 e6 11. Bd2 Ngf6 12. 0-0-0 Qc7 13. Qe2 Be7 1/2-1/2

[Event "Niederrhein-ch "]
[Site "Krefeld"]
[Date "2012.04.04"]
[Round "5"]
[White "Walter, Andreas"]
[Black "Esser, Norbert"]
[Result "1/2-1/2"]
[WhiteElo "2038"]
[BlackElo "2127"]
[PlyCount "41"]
[EventDate "2012.03.31"]
[EventType "swiss"]
[EventRounds "7"]
[EventCountry "GER"]
[SourceTitle "EXT 2014"]
[Source "ChessBase"]
[SourceDate "2013.11.20"]
[SourceVersion "1"]
[SourceVersionDate "2013.11.20"]
[SourceQuality "1"]

1. e4 d6 2. d4 Nf6 3. Nc3 e5 4. Nf3 Nbd7 5. g4 g6 6. g5 Nh5 7. Be3 Bg7 8. Qd2 0-0 9. 0-0-0 Re8 10. dxe5 Nxe5 11. Nxe5 Bxe5 12. Bg2 Bh8 13. f4 Bg4 14. Rdf1 Bd7 15. Bf3 Bc6 16. Bxh5 gxh5 17. Bd4 Bxd4 18. Qxd4 Re6 19. Nd5 Bxd5 20. exd5 Re2 21. Qd3 1/2-1/2

[Event "Duesseldorf Post op 27th"]
[Site "Duesseldorf"]
[Date "2011.12.29"]
[Round "5"]
[White "Berelowitsch, Alexander"]
[Black "Esser, Norbert"]
[Result "1-0"]
[WhiteElo "2554"]
[BlackElo "2099"]
[PlyCount "47"]
[EventDate "2011.12.26"]
[EventType "swiss"]
[EventRounds "7"]
[EventCountry "GER"]
[SourceTitle "EXT 2014"]
[Source "ChessBase"]
[SourceDate "2013.11.20"]
[SourceVersion "1"]
[SourceVersionDate "2013.11.20"]
[SourceQuality "1"]

1. e4 e5 2. Nf3 Nc6 3. Bb5 Nf6 4. 0-0 d6 5. d4 Bd7 6. Nc3 Be7 7. Re1 exd4 8. Nxd4 0-0 9. Bxc6 bxc6 10. Qf3 Ng4 11. Nxc6 Bxc6 12. Qxg4 Bf6 13. Bd2 Rb8 14. b3 Re8 15. Rad1 Re5 16. Be3 h5 17. Qf3 g6 18. Bxa7 Rb4 19. Bd4 Rf5 20. Qe3 Bg5 21. Qe2 Ra5 22. Nd5 Bxd5 23. exd5 Rxd5 24. Qe8+ 1-0

[Event "Goch op 22nd"]
[Site "Goch"]
[Date "2011.10.01"]
[Round "4"]
[White "Esser, Norbert"]
[Black "Schorr, Joerg"]
[Result "1-0"]
[WhiteElo "2188"]
[BlackElo "1937"]
[PlyCount "58"]
[EventDate "2011.09.29"]
[EventType "swiss"]
[EventRounds "7"]
[EventCountry "GER"]
[SourceTitle "EXT 2014"]
[Source "ChessBase"]
[SourceDate "2013.11.20"]
[SourceVersion "1"]
[SourceVersionDate "2013.11.20"]
[SourceQuality "1"]

1. Nf3 Nf6 2. d4 d5 3. c4 c6 4. cxd5 cxd5 5. Nc3 Nc6 6. Bf4 g6 7. e3 Bg7 8. Bb5 0-0 9. h3 Bf5 10. 0-0 Rc8 11. Qa4 a6 12. Bxc6 Rxc6 13. Ne5 Rc8 14. Qb3 Qa5 15. Rac1 b5 16. a4 bxa4 17. Qxa4 Qxa4 18. Nxa4 Ne4 19. Nc6 Bf6 20. Nb6 Rce8 21. Nxd5 Bd7 22. Nxf6+ exf6 23. Bh6 Bxc6 24. Rxc6 Rc8 25. Rfc1 Rxc6 26. Rxc6 Ra8 27. f3 Ng3 28. Rxf6 Nf5 29. Bf4 Rb8 1-0

[Event "Maastricht Limburg op-A 5th"]
[Site "Maastricht"]
[Date "2011.06.13"]
[Round "3"]
[White "Ernst, Sipke"]
[Black "Esser, Norbert"]
[Result "1-0"]
[WhiteElo "2596"]
[BlackElo "2185"]
[PlyCount "69"]
[EventDate "2011.06.10"]
[EventType "swiss"]
[EventRounds "7"]
[EventCountry "NED"]
[SourceTitle "CBM 142 Extra"]
[Source "ChessBase"]
[SourceDate "2011.06.27"]
[SourceVersion "1"]
[SourceVersionDate "2011.06.27"]
[SourceQuality "1"]

1. d4 Nf6 2. c4 e6 3. Nf3 b6 4. g3 Ba6 5. Qc2 Bb7 6. Bg2 Bb4+ 7. Bd2 Qe7 8. 0-0 Bxd2 9. Nbxd2 c5 10. e4 d6 11. e5 dxe5 12. dxe5 Nfd7 13. Ne4 0-0 14. Nfg5 g6 15. f4 Nc6 16. Qf2 Nd4 17. Nf6+ Nxf6 18. exf6 Qc7 19. g4 Bxg2 20. Kxg2 Qd8 21. Qh4 h5 22. Ne4 Re8 23. Rae1 hxg4 24. Qxg4 Nf5 25. h4 Qd4 26. h5 Ne3+ 27. Rxe3 Qxe3 28. Nf2 e5 29. hxg6 Qxf4 30. gxf7+ Kxf7 31. Qd7+ Kg6 32. Qg7+ Kf5 33. Nh1 Rg8 34. Ng3+ Ke6 35. Qe7# 1-0

[Event "Maastricht Limburg op-A 5th"]
[Site "Maastricht"]
[Date "2011.06.12"]
[Round "4"]
[White "Esser, Norbert"]
[Black "Scholzen, Wolfgang"]
[Result "1/2-1/2"]
[WhiteElo "2185"]
[BlackElo "2082"]
[PlyCount "33"]
[EventDate "2011.06.10"]
[EventType "swiss"]
[EventRounds "7"]
[EventCountry "NED"]
[SourceTitle "CBM 142 Extra"]
[Source "ChessBase"]
[SourceDate "2011.06.27"]
[SourceVersion "1"]
[SourceVersionDate "2011.06.27"]
[SourceQuality "1"]

1. e4 e5 2. Nf3 Nc6 3. Bb5 a6 4. Bxc6 dxc6 5. 0-0 Bg4 6. h3 h5 7. d3 Qf6 8. Nbd2 Ne7 9. Nc4 Bxf3 10. Qxf3 Qxf3 11. gxf3 Ng6 12. Be3 c5 13. Rfd1 Bd6 14. Kf1 Nf8 15. Ke2 Ne6 16. c3 f6 17. a3 1/2-1/2

[Event "Goch op 21st"]
[Site "Goch"]
[Date "2010.10.01"]
[Round "3"]
[White "Glinzk, Michael"]
[Black "Esser, Norbert"]
[Result "1-0"]
[WhiteElo "2012"]
[BlackElo "2199"]
[PlyCount "63"]
[EventDate "2010.09.30"]
[EventType "swiss"]
[EventRounds "7"]
[EventCountry "GER"]
[SourceTitle "EXT 2012"]
[Source "ChessBase"]
[SourceDate "2011.11.24"]
[SourceVersion "1"]
[SourceVersionDate "2011.11.24"]
[SourceQuality "1"]

1. e4 c6 2. d4 d5 3. Nc3 dxe4 4. Nxe4 Nd7 5. Ng5 Ngf6 6. Bc4 e6 7. Qe2 Nb6 8. Bd3 h6 9. N5f3 c5 10. dxc5 Bxc5 11. Ne5 Nbd7 12. Ngf3 Qc7 13. 0-0 0-0 14. Re1 b6 15. Bf4 Bd6 16. Rad1 Bb7 17. Nxd7 Bxf4 18. Nxf8 Rxf8 19. Ne5 Rd8 20. c3 Rd5 21. Nf3 Rh5 22. g3 Bd6 23. Nd4 Bc5 24. Bc2 Qd6 25. b4 Qd5 26. f3 Bf8 27. Bb3 Qg5 28. Nxe6 fxe6 29. Qxe6+ Kh7 30. Bc2+ Kh8 31. Rd8 Nh7 32. Bb3 1-0

[Event "Goch op 20th"]
[Site "Goch"]
[Date "2009.10.02"]
[Round "3"]
[White "Esser, Norbert"]
[Black "Aymans, Rainer"]
[Result "1-0"]
[WhiteElo "2231"]
[BlackElo "1721"]
[PlyCount "52"]
[EventDate "2009.10.01"]
[EventType "swiss"]
[EventRounds "7"]
[EventCountry "GER"]
[SourceTitle "EXT 2011"]
[Source "ChessBase"]
[SourceDate "2010.11.26"]
[SourceVersion "1"]
[SourceVersionDate "2010.11.26"]
[SourceQuality "1"]

1. d4 Nf6 2. c4 e5 3. dxe5 Ng4 4. e4 Nxe5 5. f4 Ng6 6. Nf3 Bc5 7. f5 Nf8 8. Nc3 d6 9. Bg5 f6 10. Bf4 Nc6 11. Qd2 Nd7 12. 0-0-0 b6 13. Nd5 Bb7 14. b4 Nxb4 15. Nxb4 a5 16. Nd5 Ne5 17. Nd4 Bxd5 18. cxd5 Kf7 19. Bb5 g5 20. fxg6+ hxg6 21. Rhf1 Rh5 22. Ne6 Qe7 23. Bg5 Ng4 24. h3 Rxg5 25. Nxg5+ Kg8 26. hxg4 fxg5 1-0

[Event "Oberhausen op"]
[Site "Oberhausen"]
[Date "2009.04.13"]
[Round "7"]
[White "Wokrina, Andre"]
[Black "Esser, Norbert"]
[Result "1/2-1/2"]
[WhiteElo "2076"]
[BlackElo "2237"]
[PlyCount "23"]
[EventDate "2009.04.09"]
[EventType "swiss"]
[EventRounds "7"]
[EventCountry "GER"]
[SourceTitle "CBM 129 Extra"]
[Source "ChessBase"]
[SourceDate "2009.05.05"]
[SourceVersion "2"]
[SourceVersionDate "2009.05.20"]
[SourceQuality "1"]

1. Nf3 Nf6 2. g3 g6 3. b3 Bg7 4. Bb2 0-0 5. Bg2 d6 6. d4 e5 7. dxe5 Nfd7 8. Qd2 Nc6 9. Nc3 Ndxe5 10. Nxe5 Nxe5 11. h3 Re8 12. 0-0-0 1/2-1/2

[Event "Goch op 19th"]
[Site "Goch"]
[Date "2008.10.10"]
[Round "2"]
[White "Esser, Norbert"]
[Black "Wiegand, Christian"]
[Result "0-1"]
[WhiteElo "2263"]
[BlackElo "1937"]
[PlyCount "86"]
[EventDate "2008.10.09"]
[EventType "swiss"]
[EventRounds "7"]
[EventCountry "GER"]
[SourceTitle "EXT 2011"]
[Source "ChessBase"]
[SourceDate "2010.11.26"]
[SourceVersion "1"]
[SourceVersionDate "2010.11.26"]
[SourceQuality "1"]

1. e4 c5 2. Nf3 e6 3. d3 Nc6 4. g3 a6 5. Bg2 b5 6. 0-0 Nge7 7. Be3 Ng6 8. c3 Bb7 9. d4 cxd4 10. cxd4 Na5 11. Nfd2 d5 12. e5 Rc8 13. Nc3 Bb4 14. Ne2 0-0 15. Nf3 Nc4 16. Bc1 Be7 17. h4 h6 18. h5 Nh8 19. Bh3 Qb6 20. Nf4 Rc6 21. Re1 Rfc8 22. Nd3 b4 23. Bf4 a5 24. Rc1 Ba6 25. Re2 Qb5 26. Rec2 b3 27. axb3 Qxb3 28. Rc3 Qxd1+ 29. Rxd1 a4 30. b3 Nxe5 31. Rxc6 Nxf3+ 32. Kg2 Rxc6 33. Kxf3 Rc3 34. Bf1 Rxb3 35. Kg2 f6 36. Nc5 Bxc5 37. dxc5 Bb7 38. Bd6 Bc6 39. Kg1 Nf7 40. Rc1 a3 41. Ra1 Nxd6 42. cxd6 Kf7 43. Rc1 a2 0-1

[Event "Goch op 18th"]
[Site "Goch"]
[Date "2007.10.07"]
[Round "6"]
[White "Esser, Norbert"]
[Black "Bruchmann, Norbert"]
[Result "1-0"]
[WhiteElo "2268"]
[BlackElo "1999"]
[PlyCount "109"]
[EventDate "2007.10.04"]
[EventType "swiss"]
[EventRounds "7"]
[EventCountry "GER"]
[SourceTitle "EXT 2011"]
[Source "ChessBase"]
[SourceDate "2010.11.26"]
[SourceVersion "1"]
[SourceVersionDate "2010.11.26"]
[SourceQuality "1"]

1. e4 e6 2. d4 d5 3. Nc3 Bb4 4. e5 c5 5. a3 Bxc3+ 6. bxc3 Ne7 7. Nf3 Nbc6 8. a4 Qa5 9. Bd2 Bd7 10. h4 c4 11. h5 h6 12. Be2 0-0-0 13. Nh2 Rdf8 14. 0-0 Nd8 15. Qc1 f6 16. f4 f5 17. Qa3 Nec6 18. Be1 Be8 19. Bh4 g6 20. hxg6 Bxg6 21. Kf2 Be8 22. Rh1 Rfg8 23. Nf1 Rh7 24. Ng3 Kb8 25. Nh5 Bxh5 26. Bxh5 Rhg7 27. g3 Qc7 28. Rh3 Nf7 29. Bf6 Rh7 30. Rah1 Nh8 31. Qc5 b6 32. Qa3 Kb7 33. Rb1 Ka8 34. Rg1 Kb7 35. Rgh1 Qd7 36. Kf3 Qc7 37. g4 Qd7 38. g5 hxg5 39. fxg5 Ng6 40. Bxg6 Rxh3+ 41. Rxh3 Rxg6 42. Qf8 Ka6 43. Rh6 Rxh6 44. gxh6 Nxd4+ 45. cxd4 Qxa4 46. h7 Qa1 47. Kg2 Qc1 48. h8Q Qxc2+ 49. Kh3 Qd3+ 50. Kh4 Qxd4+ 51. Kh5 Qg4+ 52. Kh6 Qg3 53. Qb4 Qh3+ 54. Kg6 Qg4+ 55. Bg5 1-0

[Event "Goch op 18th"]
[Site "Goch"]
[Date "2007.10.05"]
[Round "2"]
[White "Esser, Norbert"]
[Black "Haverkamp, Klaus"]
[Result "1-0"]
[WhiteElo "2268"]
[BlackElo "2026"]
[PlyCount "69"]
[EventDate "2007.10.04"]
[EventType "swiss"]
[EventRounds "7"]
[EventCountry "GER"]
[SourceTitle "EXT 2011"]
[Source "ChessBase"]
[SourceDate "2010.11.26"]
[SourceVersion "1"]
[SourceVersionDate "2010.11.26"]
[SourceQuality "1"]

1. e4 e5 2. Nf3 Nc6 3. Bb5 a6 4. Bxc6 dxc6 5. 0-0 Qd6 6. d3 Bd7 7. Nbd2 b5 8. Nb3 Ne7 9. Be3 Rd8 10. Nfd2 g6 11. f4 Bg7 12. Bc5 Qe6 13. fxe5 Bxe5 14. Nf3 f6 15. Nxe5 fxe5 16. Qf3 g5 17. Qf6 Qxf6 18. Rxf6 Ng6 19. Raf1 Ra8 20. g3 a5 21. Be3 g4 22. Nc5 Kd8 23. Rf7 Be8 24. Ne6+ Kc8 25. Rxc7+ Kb8 26. Rg7 Kc8 27. Nc7 Rb8 28. Nxe8 Rxe8 29. Rff7 Rf8 30. Rd7 Ra8 31. Bc5 Rh8 32. Bb6 Ra6 33. Rb7 Nf8 34. Rgc7+ Kd8 35. Rb8# 1-0

[Event "Duisburg Grossenbaum op"]
[Site "Duisburg"]
[Date "2005.05.15"]
[Round "5"]
[White "Salamone, Giuseppe"]
[Black "Esser, Norbert"]
[Result "1/2-1/2"]
[WhiteElo "2052"]
[BlackElo "2325"]
[PlyCount "70"]
[EventDate "2005.05.13"]
[EventType "swiss"]
[EventRounds "7"]
[EventCountry "GER"]
[SourceTitle "EXT 2006"]
[Source "ChessBase"]
[SourceDate "2005.11.24"]
[SourceVersion "1"]
[SourceVersionDate "2005.11.24"]
[SourceQuality "1"]

1. d4 Nf6 2. Nc3 d5 3. Bg5 Nbd7 4. Nf3 h6 5. Bh4 e6 6. e3 Be7 7. Bd3 0-0 8. Bxf6 Bxf6 9. Ne2 e5 10. dxe5 Nxe5 11. Nxe5 Bxe5 12. c3 Qe7 13. Qc2 Rb8 14. Nd4 c5 15. Nf3 Bf6 16. 0-0 Be6 17. Rfe1 Bg4 18. Be2 g6 19. Qa4 Bxf3 20. Bxf3 b5 21. Qc2 Rfd8 22. Rad1 Qe5 23. Re2 b4 24. cxb4 c4 25. Red2 Rxb4 26. Bxd5 Kg7 27. Rd4 Qc7 28. a3 Bxd4 29. axb4 Bf6 30. Bf3 Rxd1+ 31. Bxd1 Qd6 32. g3 Qxb4 33. Be2 Qxb2 34. Qxb2 Bxb2 35. Bxc4 Kf6 1/2-1/2

[Event "Goch op 13th"]
[Site "Goch"]
[Date "2002.10.05"]
[Round "5"]
[White "Bielmeier, Ludwig"]
[Black "Esser, Norbert"]
[Result "1-0"]
[WhiteElo "2164"]
[BlackElo "2332"]
[PlyCount "67"]
[EventDate "2002.10.03"]
[EventType "swiss"]
[EventRounds "7"]
[EventCountry "GER"]
[SourceTitle "EXT 2004"]
[Source "ChessBase"]
[SourceDate "2003.11.25"]
[SourceVersion "1"]
[SourceVersionDate "2003.11.25"]
[SourceQuality "1"]

1. Nf3 c5 2. c4 g6 3. d4 cxd4 4. Nxd4 Bg7 5. Nc3 Nc6 6. Nc2 d6 7. Bd2 Be6 8. b3 Nf6 9. e4 Rc8 10. Rc1 0-0 11. f3 Nd7 12. Nd5 Nc5 13. Bc3 Bxc3+ 14. Nxc3 f5 15. exf5 Rxf5 16. Be2 Qf8 17. Qd2 Qf6 18. 0-0 Rf8 19. b4 Nd7 20. Ne4 Qe5 21. b5 Ncb8 22. Nd4 Rh5 23. Nxe6 Qxe6 24. c5 Qe5 25. Ng3 Rh4 26. cxd6 exd6 27. Rfd1 Nf6 28. Qxd6 Qe3+ 29. Kh1 Nbd7 30. Bc4+ Kg7 31. Be6 Ne5 32. Rc7+ Nf7 33. Bb3 Qh6 34. Qe6 1-0

[Event "Goch op 13th"]
[Site "Goch"]
[Date "2002.10.04"]
[Round "3"]
[White "Wuts, Helene"]
[Black "Esser, Norbert"]
[Result "1/2-1/2"]
[WhiteElo "2127"]
[BlackElo "2332"]
[PlyCount "43"]
[EventDate "2002.10.03"]
[EventType "swiss"]
[EventRounds "7"]
[EventCountry "GER"]
[SourceTitle "EXT 2004"]
[Source "ChessBase"]
[SourceDate "2003.11.25"]
[SourceVersion "1"]
[SourceVersionDate "2003.11.25"]
[SourceQuality "1"]

1. e4 c5 2. Nc3 Nc6 3. g3 g6 4. Bg2 Bg7 5. d3 d6 6. Be3 Rb8 7. Qd2 h5 8. h3 Bd7 9. f4 Nd4 10. Nd1 b5 11. c3 Nc6 12. Nf3 Qc8 13. Nf2 b4 14. 0-0 bxc3 15. bxc3 Nf6 16. Nh4 Rb6 17. Rab1 Qb8 18. Qc2 0-0 19. f5 gxf5 20. Nxf5 Bxf5 21. exf5 Qc7 22. Ne4 1/2-1/2